000
00222nam a22000857a 4500
999
_c
11049
_d
11049
008
180808b ||||| |||| 00| 0 eng d
100
_a
Helfand Lewis
_9
6780
245
_a
Conquering Everest
260
_a
New Delhi
_b
Campfire
_c
2016